| 000 | 00460nam a2200181Ia 4500 | ||
|---|---|---|---|
| 001 | 23576 | ||
| 003 | GE_BSU | ||
| 008 | 181216s||||||||xx |||||||||||||| ||und|| | ||
| 040 | _cGE_BSU | ||
| 245 | 4 | _aThe Economist, september 22hd-28th9110. 2018 | |
| 260 | _alondon | ||
| 260 | _c2018 | ||
| 300 | _a73p;ill;27cm | ||
| 653 | _aThe Economist,september 22hd-28th9110. 2018 | ||
| 653 | _aПериодика | ||
| 653 | _aპერიოდიკა | ||
| 942 | _cCR | ||
| 999 |
_c56463 _d56463 |
||